İrade ve sinir sağlamlığı; Irk hıfzıssıhhasında irsiyetin rolü ve nesli tereddiden korumak çareleri; Milletin tereddi ve ıstıfası; Beden yapısı, seciye ve mizaç arasındaki münasebet; Frengi, belsoğukluğu ve alkolizmin nesiller üzerine yaptığı tahribat (Record no. 7420)

MARC details
000 -BAŞLIK
Sabit Uzunlukta Kontrol Alanı 02285na a2200481 4500
001 - KONTROL NUMARASI
Denetim Alanı 16376
003 - KONTROL NUMARASI IDENTIFIER
Denetim Alanı MIRAKIL
005 - SON İŞLEM TARİHİ VE ZAMANI
Denetim Alanı 20181213155138.0
008 - SABİT-BOY VERİ ELEMANLARI - GENEL BİLGİLER
Sabit Uzunlukta Kontrol Alanı 170213b tu 000 0
035 ## - SİSTEM KONTROL NUMARASI
Sistem Kontrol Numarası 16376
040 ## - KATALOGLAMA KAYNAK
Orijinal Kataloglama Ajansı Milas
Kataloglama Dili tur
Metne Dönüştürmek Ajansı TR-AnCHP
041 ## - DİL KODU
Metin / Ses Parça Veya Ayrı Başlığın Dil Kodu tur
082 ## - DEWEY ONLU SINIFLANDIRMA NUMARASI
Sınıflandırma Numarası CHP 324.217207
Ürün Numarası G74c 1940
090 ## - SINIFLAMA NUMARASI
Sınıflama Numarası CHP 324.217207 G74c 1940
100 ## - ANA GİRİŞ - KİŞİSEL İSİM
Kişisel Ad Gökay, Fahrettin Kerim
222 ## - ANAHTAR ADI
Anahtar Başlık Cumhuriyet Halk Partisi Konferansları
245 ## - BAŞLIK TABLOSU
Başlık İrade ve sinir sağlamlığı; Irk hıfzıssıhhasında irsiyetin rolü ve nesli tereddiden korumak çareleri; Milletin tereddi ve ıstıfası; Beden yapısı, seciye ve mizaç arasındaki münasebet; Frengi, belsoğukluğu ve alkolizmin nesiller üzerine yaptığı tahribat
Sorumluluk Tablosu, Vb Fahrettin Kerim Gökay; Sadi Irmak; Mümtaz Turhan; Zeki Ragıp Yalım
260 ## - YAYIN, DAĞITIM, VB
Yayın, Dağıtım, Vb Yeri [Ankara ]
Yayıncı, Dağıtıcı, Vs Adı CHP
Yayın, Dağıtım, Vb Tarihi 1940
Üretici Firma Recep Ulusoğlu Basımevi
300 ## - FİZİKSEL TANIM
Kapsam 69 s.
Boyutlar 23 sm.
440 ## - SERİSİ TABLOSU / KATMA GİRİŞİ - BAŞLIK
Başlık C.H.P.
Bir İşin Parçası / Bölümün İsmi Konferanslar serisi
Hacim / Ardışık Tanımı 12
500 ## - GENEL NOT
Genel Not Yapıt, yazarların konferans konuşmalarını içermektedir
500 ## - GENEL NOT
Genel Not Halk Evlerinde verilen konferans metinleridir.
505 ## - BİÇİMLENDİRİLDİ İÇİNDEKİLER NOT
Biçimlendirilmiş İçeriği Dikkat İrade ve sinir sağlamlığı; Irk hıfzıssıhhasında irsiyetin rolü ve nesli tereddiden korumak çareleri/Fahrettin Kerim Gökay; Milletin tereddi ve ıstıfası/ Sadi Irmak; Beden yapısı, seciye ve mizaç arasındaki münasebet/ Mümtaz Turhan; Frengi, belsoğukluğu ve alkolizmin nesiller üzerine yaptığı tahribat/ Zeki Ragıp Yalım
610 ## - KONU KATMA GİRİŞ - TOPLANTI ADI
Giriş Elemanı Olarak Kurumsal Ad Veya Yargı Alanı Adı Cumhuriyet Halk Partisi (CHP)
Genel Alt Bölüm Konferanslar ve seminerler
610 ## - KONU KATMA GİRİŞ - TOPLANTI ADI
Giriş Elemanı Olarak Kurumsal Ad Veya Yargı Alanı Adı Halkevleri
650 ## - KONU KATMA GİRİŞ - TOPİKAL DÖNEM
Topikal Süreli Veya Coğrafi Ad Giriş Elemanı Akıl hastalıkları
Genel Alt Bölümü Sinir sistemi
650 ## - KONU KATMA GİRİŞ - TOPİKAL DÖNEM
Topikal Süreli Veya Coğrafi Ad Giriş Elemanı Etnoloji
650 ## - KONU KATMA GİRİŞ - TOPİKAL DÖNEM
Topikal Süreli Veya Coğrafi Ad Giriş Elemanı Fizyoloji
650 ## - KONU KATMA GİRİŞ - TOPİKAL DÖNEM
Topikal Süreli Veya Coğrafi Ad Giriş Elemanı Psikoloji
650 ## - KONU KATMA GİRİŞ - TOPİKAL DÖNEM
Topikal Süreli Veya Coğrafi Ad Giriş Elemanı Madde bağımlılığı
700 ## - KATMA GİRİŞ - KİŞİSEL İSİM
Kişisel Ad Irmak, Sadi
700 ## - KATMA GİRİŞ - KİŞİSEL İSİM
Kişisel Ad Turhan, Mümtaz
700 ## - KATMA GİRİŞ - KİŞİSEL İSİM
Kişisel Ad Yalım, Zeki Rakıp
740 ## - KATMA GİRİŞ - KONTROLSUZ İLGİLİ / ANALİTİK BAŞLIK
Kontrol Edilmeyen / İlgili Analitik Başlıktaki İrade ve sinir sağlamlığı
740 ## - KATMA GİRİŞ - KONTROLSUZ İLGİLİ / ANALİTİK BAŞLIK
Kontrol Edilmeyen / İlgili Analitik Başlıktaki Irk hıfzıssıhhasında irsiyetin rolü ve nesli tereddiden korumak çareleri
740 ## - KATMA GİRİŞ - KONTROLSUZ İLGİLİ / ANALİTİK BAŞLIK
Kontrol Edilmeyen / İlgili Analitik Başlıktaki Milletin tereddi ve ıstıfası
740 ## - KATMA GİRİŞ - KONTROLSUZ İLGİLİ / ANALİTİK BAŞLIK
Kontrol Edilmeyen / İlgili Analitik Başlıktaki Beden yapısı, seciye ve mizaç arasındaki münasebet
740 ## - KATMA GİRİŞ - KONTROLSUZ İLGİLİ / ANALİTİK BAŞLIK
Kontrol Edilmeyen / İlgili Analitik Başlıktaki Frengi, belsoğukluğu ve alkolizmin nesiller üzerine yaptığı tahribat.
830 ## - SERİSİ EKLENDİ GİRİŞ - ÜNİFORM ADI
Üniforma Başlık CHP Yayınları
942 ## - EKLENDİ GİRİŞ ELEMANLARI (KOHA)
Sınıflandırma Veya Raf Düzeni Kaynak Dewey Decimal Classification
Koha Öğesi Türü Books
999 ## - SİSTEM KONTROL NUMARALARI (KOHA)
Koha Biblionumber 7420
Koha Biblioitemnumber 7420
657 ## - INDEX SÜRE - İŞLEVİ
-- CHP konferansları
657 ## - INDEX SÜRE - İŞLEVİ
-- Halk Evleri
Holdings
Kalıcı Konum Mevcut Konum Edinme Tarihi Edinim Kaynak Toplam Check-Out'Lar Tam Çağrı Numarası Barkod Tarih Son Görülme İtibaren Geçerli Fiyatlar Koha Öğesi Türü Kopya Sayısı
CHP Kütüphanesi CHP Kütüphanesi 10/04/2016 Bağış   CHP 324.217207 G74c 1940 004360 10/04/2016 10/04/2016 Books  
CHP Kütüphanesi CHP Kütüphanesi 10/04/2016 Bağış   CHP 324.217207 G74c 1940 004361 10/04/2016 10/04/2016 Books k.2